000 00603nam a2200205 a 4500
001 7065
003 CO-ViMGA
008 141112s2004 ck r 000 u spa d
040 _aCO-ViMGA
_bspa
_cCO-ViMGA
082 0 4 _a630.20112 L477
100 1 _aLittle, Thomas M
_96136
245 1 0 _aMetodos estadísticos para la investigación en la agricultura /
_cLittle Thomas M. , Hills F. Jackson
250 _a2a
260 _aMexico :
_bTrillas,
_c1991
300 _a270 p
650 1 4 _aAGRICULTURA - METODOS
_96137
650 1 4 _aESTADISTICAS
_952343
650 1 4 _aHill, F. Jackson
_96138
942 _2ddc
_cBK
999 _c19030
_d19030